|
|
|
|
| LEADER |
00000nab a2200000 a 4500 |
| 001 |
vtls000922846 |
| 003 |
SK-MaSNL |
| 005 |
20260303034820.0 |
| 008 |
040720e19950812xo 0 slo |
| 035 |
|
|
|a KE31723
|
| 040 |
|
|
|a KEVKJB
|b slo
|c KEVKJB
|e AACR2
|
| 041 |
0 |
|
|a slo
|
| 044 |
|
|
|a xo
|c SK
|
| 080 |
|
|
|a 73/75
|2 1981
|
| 080 |
|
|
|a 069.02
|2 1981
|
| 080 |
|
|
|a 061.4
|2 1981
|
| 100 |
0 |
|
|a Kla
|4 aut
|9 877407
|
| 245 |
1 |
0 |
|a [Zakarpatská maliarska škola]
|
| 590 |
|
|
|a Bec, Vasilij
|b ukrajinský maliar
|
| 590 |
|
|
|a Danilič, Taras
|b ukrajinskě maliar
|
| 590 |
|
|
|a Habda, Vasiľ G.
|b ukrajinskě maliar
|
| 590 |
|
|
|a Mička, Zoltán
|b ukrajinský maliar
|
| 590 |
|
|
|a Pavlišin, Vladimír
|b ukrajinskě maliar
|
| 590 |
|
|
|a Pazuchanič, Alexander
|b ukrajinský maliar
|
| 600 |
1 |
7 |
|a Bec, Vasilij
|2 KEVKJB
|9 1020743
|
| 600 |
1 |
7 |
|a Danilič, Taras
|2 KEVKJB
|9 1020744
|
| 600 |
1 |
7 |
|a Habda, Vasiľ G.
|2 KEVKJB
|9 1020745
|
| 600 |
1 |
7 |
|a Mička, Zoltán
|2 KEVKJB
|9 1020746
|
| 600 |
1 |
7 |
|a Pavlišin, Vladimír
|2 KEVKJB
|9 1020747
|
| 600 |
1 |
7 |
|a Pazuchanič, Alexander
|2 KEVKJB
|9 1020748
|
| 651 |
|
7 |
|a KE,
|2 KEVKJB
|9 877256
|
| 655 |
|
7 |
|a periodikum
|2 snkbucl
|9 29553
|
| 773 |
0 |
8 |
|t Práca
|g Roč. 50, č.187, 12.8.1995, s. 20
|
| 852 |
|
|
|a ZVYKNI
|b KIS3GCP
|
| 999 |
|
|
|c 1674921
|d 1676851
|